000 00818nam a2200217Ia 4500
008 0000001997 usa 0000000000eng00
090 _aPUS00 C15d
100 1 _aCanning, Susan M.
245 1 0 _aDarra Keeton
_b: paintings = drawings
_c/ essay by Susan M. Canning ; photography Robert Puglisi, James Dee
300 _a[8] p.
_c/ 28 cm.
500 _aExposición realizada en Sally Sprout Gallery, Houston, Marzo 28 Abril 26, 1997
600 0 0 _aKEETON, DARRA./
_xTRABAJOS PICTORICOS
650 1 4 _aARTE CONTEMPORANEO ESTADOUNIDENSE
650 1 4 _xCATALOGOS
650 1 4 _aDIBUJOS ESTADOUNIDENSES
650 1 4 _xEXPOSICIONES
650 1 4 _aPINTORES ESTADOUNIDENSES
650 1 4 _aPINTURA ESTADOUNIDENSE
700 1 _aPuglisi, Robert \ Dee, James
999 _c8418
_d8418
260 _aHouston : Sally Sprout Gallery
_c1997